Luật thi hành án hình sự

Nội dung quyển sách bao gồm: Những quy định chung, hệ thống tổ chức thi hành án hình sự..., thi hành án phạt tù, thi hành án tử hình, thi hành án treo..., v.v....

Gespeichert in:
Bibliographische Detailangaben
Körperschaften: Việt Nam (Cộng hòa xã hội Chủ nghĩa)., Quốc hội
Format: Buch
Sprache:Undetermined
Veröffentlicht: Hà Nội Lao động 2010
Schlagworte:
Tags: Tag hinzufügen
Keine Tags, Fügen Sie den ersten Tag hinzu!
Thư viện lưu trữ: Trung tâm Học liệu Trường Đại học Cần Thơ
LEADER 01038nam a2200241Ia 4500
001 CTU_160686
008 210402s9999 xx 000 0 und d
020 |c 22000 
082 |a 345.59705 
082 |b V308 
110 |a Việt Nam (Cộng hòa xã hội Chủ nghĩa). 
110 |b Quốc hội 
245 0 |a Luật thi hành án hình sự 
245 0 |c Việt Nam (Cộng hòa xã hội Chủ nghĩa). Quốc hội 
260 |a Hà Nội 
260 |b Lao động 
260 |c 2010 
520 |a Nội dung quyển sách bao gồm: Những quy định chung, hệ thống tổ chức thi hành án hình sự..., thi hành án phạt tù, thi hành án tử hình, thi hành án treo..., v.v.... 
650 |a Criminal procedure,Criminal law 
650 |x Tố tụng hình sự,Luật hình sự 
650 |z Vietnam,Việt Nam,Vietnam,Việt Nam 
904 |i A.Thơ,Qhieu 
980 |a Trung tâm Học liệu Trường Đại học Cần Thơ